| 000 | 00492 a2200169 4500 | ||
|---|---|---|---|
| 003 | OSt | ||
| 005 | 20231227162222.0 | ||
| 008 | 231227b |||||||| |||| 00| 0 eng d | ||
| 020 | _a9788181431103 | ||
| 040 | _coclc | ||
| 082 |
_a891.433 _bNAI/A |
||
| 100 |
_aNaimishrai, Mohandas _910177 |
||
| 245 |
_aAAJ BAZAR BAND HAI / _cMohandas Naimishray |
||
| 260 |
_aNew Delhi: _bVani Prakashan, _c2018. |
||
| 300 | _a150p | ||
| 942 |
_2ddc _cBK _h891.433 _iNAI/A _k891.433 _mNAI/A |
||
| 999 |
_c43601 _d43601 |
||